| 000 -CABECERA |
| Longitud fija campo de control |
00526nam a2200181 a 4500 |
| 001 - NÚMERO DE CONTROL |
| Número de control |
5036 |
| 003 - IDENTIFICADOR DEL NÚMERO DE CONTROL |
| Identificador del número de control |
CDMR |
| 005 - FECHA Y HORA DE LA ÚLTIMA TRANSACCIÓN |
| Fecha y hora de la última transacción |
20130611113349.0 |
| 008 - CÓDIGOS DE INFORMACIÓN DE LONGITUD FIJA |
| Códigos de información de longitud fija |
130130s1998||||sp |||||||||||||||||cat|d |
| 020 ## - NÚMERO INTERNACIONAL NORMALIZADO PARA LIBROS |
| Número Internacional Normalizado para Libros (ISBN) |
847727195X |
| 040 ## - FUENTE DE LA CATALOGACIÓN |
| Centro catalogador de origen |
CDMR |
| Lengua de catalogación |
cat |
| Centro transcriptor |
CDMR |
| 100 1# - PUNTO DE ACCESO PRINCIPAL-NOMBRE DE PERSONA |
| 9 (RLIN) |
2586 |
| Nombre de persona |
Monzó, Quim |
| 245 10 - MENCIÓN DE TÍTULO |
| Título |
Del tot indefens davant dels hostils imperis alienígenes |
| Mención de responsabilidad, etc. |
Quim Monzó |
| 260 ## - PUBLICACIÓN, DISTRIBUCIÓN, ETC. (PIE DE IMPRENTA) |
| Lugar de publicación, distribución, etc. |
Barcelona |
| Nombre del editor, distribuidor, etc. |
Quaderns Crema |
| Fecha de publicación, distribución, etc. |
1998 |
| 500 ## - NOTA GENERAL |
| Nota general |
3a reimpressió (1998) |
| 600 1# - PUNTO DE ACCESO ADICIONAL DE MATERIA - NOMBRE DE PERSONA |
| 9 (RLIN) |
2586 |
| Nombre de persona |
Monzó, Quim |
| Subdivisión de forma (R ) |
Recull d'escrits |
| Subdivisió,n cronológica (R ) |
1993-1997 |
| 942 ## - ENTRADA DE ELEMENTOS AGREGADOS (KOHA) |
| Koha [por defecto] tipo de item |
Monografies |
| Fuente de clasificaión o esquema |
|